[Event "Izmir op 17th"]
[Site "Izmir"]
[Date "2018.09.09"]
[Round "1"]
[White "Kirilmaz, Emre"]
[Black "Vural, Emre"]
[Result "1-0"]
[WhiteElo "2017"]
[BlackElo "1412"]
[PlyCount "67"]
[EventDate "2018.09.09"]
[EventType "swiss"]
[EventRounds "9"]
[EventCountry "TUR"]
[SourceTitle "CBM 186 Extra"]
[Source "ChessBase"]
[SourceDate "2018.08.24"]
[SourceVersion "1"]
[SourceVersionDate "2018.08.24"]
[SourceQuality "1"]

1. d4 d5 2. c3 Nf6 3. Bg5 e6 4. Nd2 Be7 5. Ngf3 Nbd7 6. e3 h6 7. Bf4 c5 8. Bd3 0-0 9. 0-0 Nh5 10. Be5 Nhf6 11. Rc1 Nxe5 12. Nxe5 Nd7 13. f4 f5 14. Ndf3 c4 15. Bb1 Nf6 16. Ng6 Re8 17. Nfe5 Bd6 18. Kh1 Bxe5 19. fxe5 Nd7 20. g4 fxg4 21. Qxg4 Qg5 22. Qxg5 hxg5 23. Rf3 Nf8 24. Nxf8 Rxf8 25. Bh7+ Kxh7 26. Rxf8 b6 27. Rcf1 Bb7 28. Rxa8 Bxa8 29. Rf7 Bc6 30. Rxa7 Kg6 31. Ra6 Kf5 32. Rxb6 Bd7 33. Kg2 Ke4 34. Kf2 1-0